Vista normal
Vista MARC
Entrada Nombre corporativo
Número de registros utilizados en: 9
001 - NÚMERO DE CONTROL
- campo de control: 71393
003 - IDENTIFICADOR DEL NÚMERO DE CONTROL
- campo de control: BNPHU
005 - FECHA Y HORA DE LA ÚLTIMA TRANSACCIÓN
- campo de control: 20240304145220.0
008 - DATOS DE LONGITUD FIJA
- campo de control de longitud fija: 200615|| aca||aabn | a|a d
040 ## - FUENTE DE LA CATALOGACIÓN
- Centro catalogador/agencia de origen: DO-SdBNP
- Lengua de catalogación: spa
- Centro/agencia transcriptor: BNPHU
- Normas de descripción: rda
110 2# - ENCABEZAMIENTO-NOMBRE DE ENTIDAD CORPORATIVA
- Nombre de entidad corporativa o nombre de jurisdicción como elemento de entrada: FLACSO (Organización).
- Unidad subordinada: Programa República Dominicana
410 2# - TRAZADO DE VÉASE--NOMBRE DE ENTIDAD CORPORATIVA
- Nombre de entidad corporativa o nombre de jurisdicción como elemento de entrada: FLACSO (Organización).
- Unidad subordinada: Programa Dominicano
410 2# - TRAZADO DE VÉASE--NOMBRE DE ENTIDAD CORPORATIVA
- Nombre de entidad corporativa o nombre de jurisdicción como elemento de entrada: FLACSO (Organización).
- Unidad subordinada: República Dominicana
670 ## - FUENTE DE DATOS ENCONTRADOS
- Cita de la fuente: Work cat.: (OSt)43064: Mejía Gómez, Manuel Z. 71389, Vidas truncadas :, 2014.
670 ## - FUENTE DE DATOS ENCONTRADOS
- Cita de la fuente: La cuestión haitiana en Santo Domingo, 1993.
- Información encontrada: FLACSO, Facultad Latinoamericana de Ciencias Sociales, Programa República Dominicana)
670 ## - FUENTE DE DATOS ENCONTRADOS
- Cita de la fuente: El mito roto, 2007
